MARC details
| 000 -LEADER |
| fixed length control field |
02694cam a2200457 i 4500 |
| 001 - CONTROL NUMBER |
| control field |
43615529 |
| 003 - CONTROL NUMBER IDENTIFIER |
| control field |
OCoLC |
| 005 - DATE AND TIME OF LATEST TRANSACTION |
| control field |
20241126110723.0 |
| 008 - FIXED-LENGTH DATA ELEMENTS--GENERAL INFORMATION |
| fixed length control field |
000224t20002000ilu bd 001 0 eng |
| 010 ## - |
| -- |
00026844 |
| 020 ## - INTERNATIONAL STANDARD BOOK NUMBER |
| International Standard Book Number |
0226039331 |
| Qualifying information |
(acid-free paper) |
| 020 ## - INTERNATIONAL STANDARD BOOK NUMBER |
| International Standard Book Number |
9780226039336 |
| Qualifying information |
(acid-free paper) |
| 035 ## - SYSTEM CONTROL NUMBER |
| System control number |
tcgc264057 |
| 035 ## - SYSTEM CONTROL NUMBER |
| System control number |
(OCoLC)43615529 |
| Canceled/invalid control number |
(OCoLC)48835403 |
| -- |
(OCoLC)811809654 |
| -- |
(OCoLC)844539011 |
| -- |
(OCoLC)1006469619 |
| -- |
(OCoLC)1170244334 |
| -- |
(OCoLC)1239778544 |
| 040 ## - CATALOGING SOURCE |
| Original cataloging agency |
DLC |
| Language of cataloging |
eng |
| Description conventions |
rda |
| Transcribing agency |
DLC |
| Modifying agency |
UKM |
| -- |
MUQ |
| -- |
BAKER |
| -- |
NLGGC |
| -- |
BTCTA |
| -- |
YDXCP |
| -- |
NNG |
| -- |
BLC |
| 041 0# - |
| -- |
grc |
| -- |
eng |
| 050 00 - |
| -- |
PA881 |
| -- |
.B38 2000 |
| 050 #4 - |
| -- |
PA881 |
| -- |
.B38 1979 |
| 082 00 - DEWEY DECIMAL CLASSIFICATION NUMBER |
| Classification number |
487.4 |
| Edition information |
21 |
| Item number |
DAN |
| 100 1# - MAIN ENTRY--PERSONAL NAME |
| Personal name |
Danker, Frederick W. |
| Authority record control number or standard number |
https://id.loc.gov/authorities/names/n50037371 |
| 9 (RLIN) |
17420 |
| 245 12 - TITLE STATEMENT |
| Title |
A Greek-English lexicon of the New Testament and other early Christian literature / |
| Statement of responsibility, etc. |
revised and edited by Frederick William Danker. |
| 246 1# - |
| -- |
Also known by initialism: |
| -- |
BDAG |
| 246 1# - |
| -- |
Also known by initialism: |
| -- |
BAGD |
| 246 31 - |
| -- |
Greek English Lexicon of the New Testament |
| 250 ## - EDITION STATEMENT |
| Edition statement |
Third edition. |
| 264 #1 - PRODUCTION, PUBLICATION, DISTRIBUTION, MANUFACTURE, AND COPYRIGHT NOTICE |
| Place of production, publication, distribution, manufacture |
Chicago : |
| Name of producer, publisher, distributor, manufacturer |
University of Chicago Press, |
| Date of production, publication, distribution, manufacture, or copyright notice |
[2000] |
| 264 #4 - PRODUCTION, PUBLICATION, DISTRIBUTION, MANUFACTURE, AND COPYRIGHT NOTICE |
| Date of production, publication, distribution, manufacture, or copyright notice |
℗♭2000 |
| 300 ## - PHYSICAL DESCRIPTION |
| Extent |
lxxix, 1108 pages ; |
| Dimensions |
27 cm |
| 336 ## - CONTENT TYPE |
| Content type term |
text |
| Content type code |
txt |
| Source |
rdacontent |
| 337 ## - MEDIA TYPE |
| Media type term |
unmediated |
| Media type code |
n |
| Source |
rdamedia |
| 338 ## - CARRIER TYPE |
| Carrier type term |
volume |
| Carrier type code |
nc |
| Source |
rdacarrier |
| 500 ## - GENERAL NOTE |
| General note |
"Based on Walter Bauer's Griechisch-deutsches Worterbuch zu den Schriften des Neuen Testaments und der fruhchristlichen Literatur, sixth edition, ed. Kurt Aland and Barbara Aland, with Viktor Reichmann and on previous English editions by W.F. Arndt, F.W. Gingrich, and F.W. Danker." |
| 504 ## - BIBLIOGRAPHY, ETC. NOTE |
| Bibliography, etc. note |
Includes bibliographical references. |
| 630 00 - SUBJECT ADDED ENTRY--UNIFORM TITLE |
| Uniform title |
Bible. |
| Name of part/section of a work |
New Testament |
| Authority record control number or standard number |
https://id.loc.gov/authorities/names/n79023150 |
| Form subdivision |
Dictionaries |
| General subdivision |
English. |
| Authority record control number or standard number |
https://id.loc.gov/authorities/subjects/sh99001605 |
| 9 (RLIN) |
2952 |
| 650 #0 - SUBJECT ADDED ENTRY--TOPICAL TERM |
| Topical term or geographic name entry element |
Greek language, Biblical |
| Form subdivision |
Dictionaries |
| General subdivision |
English. |
| Authority record control number or standard number |
https://id.loc.gov/authorities/subjects/sh2008105405 |
| 9 (RLIN) |
2948 |
| 655 #7 - INDEX TERM--GENRE/FORM |
| Genre/form data or focus term |
Dictionaries. |
| Source of term |
lcgft |
| Authority record control number or standard number |
https://id.loc.gov/authorities/genreForms/gf2014026086 |
| 9 (RLIN) |
3629 |
| 700 1# - ADDED ENTRY--PERSONAL NAME |
| Personal name |
Bauer, Walter, |
| Dates associated with a name |
1877-1960. |
| Title of a work |
Griechisch-deutsches W©œrterbuch zu den Schriften des Neuen Testaments und der fr©ơhchristlichen Literatur. |
| 9 (RLIN) |
17421 |
| 700 1# - ADDED ENTRY--PERSONAL NAME |
| Personal name |
Arndt, William F. |
| Fuller form of name |
(William Frederick), |
| Dates associated with a name |
1880-1957. |
| Title of a work |
Greek-English lexicon of the New Testament and other early Christian literature. |
| Authority record control number or standard number |
https://id.loc.gov/authorities/names/n81013104 |
| 9 (RLIN) |
17422 |
| 776 08 - ADDITIONAL PHYSICAL FORM ENTRY |
| Relationship information |
Online version: |
| Main entry heading |
Danker, Frederick W. |
| Title |
Greek-English lexicon of the New Testament and other early Christian literature. |
| Edition |
3rd ed. |
| Place, publisher, and date of publication |
Chicago : University of Chicago Press, c2000 |
| Record control number |
(OCoLC)606428948 |
| 942 ## - ADDED ENTRY ELEMENTS (KOHA) |
| Source of classification or shelving scheme |
Dewey Decimal Classification |
| Koha item type |
Language |